[Event "Women's Speed Chess Q1"]
[Site "chess.com INT"]
[Date "2020.06.18"]
[Round "1"]
[White "Dzagnidze, Nana"]
[Black "Alboredo, Julia"]
[Result "1-0"]
[WhiteTitle "GM"]
[BlackTitle "WFM"]
[WhiteElo "2524"]
[BlackElo "2182"]
[WhiteFideId "13601903"]
[BlackFideId "2124807"]
[EventDate "2020.06.18"]

1. d4 Nf6 2. Nf3 g6 3. g3 Bg7 4. Bg2 O-O 5. O-O d6 6. c4 Nc6 7. Nc3 Nd7 8. e3 e5
9. b3 f5 10. dxe5 Ndxe5 11. Bb2 Be6 12. Nd4 Bf7 13. Qe2 Re8 14. Rfd1 Nxd4 15.
Rxd4 Ng4 16. Rd2 Qg5 17. Nd5 Bxb2 18. Rxb2 Bxd5 19. cxd5 Re7 20. Rc2 Rae8 21.
Qd2 Qh5 22. h3 Nf6 23. Rac1 Ne4 24. Qd4 Rc8 25. Qxa7 Ng5 26. Qxb7 Rce8 27. h4
Nf3+ 28. Bxf3 Qxf3 29. Rxc7 Rxc7 30. Rxc7 Qd1+ 31. Kh2 Qh5 32. Rc8 g5 33. Qd7
Rxc8 34. Qxc8+ Kg7 35. Qxf5 1-0

[Event "Women's Speed Chess Q1"]
[Site "chess.com INT"]
[Date "2020.06.18"]
[Round "1"]
[White "Goryachkina, Aleksandra"]
[Black "Kazarian, Anna-Maja"]
[Result "1-0"]
[WhiteTitle "GM"]
[BlackTitle "FM"]
[WhiteElo "2582"]
[BlackElo "2096"]
[WhiteFideId "4147103"]
[BlackFideId "1033689"]
[EventDate "2020.06.18"]

1. e4 e6 2. d4 d5 3. exd5 exd5 4. Bd3 Nf6 5. Nf3 Bd6 6. Qe2+ Qe7 7. Qxe7+ Bxe7
8. Bf4 c6 9. h3 O-O 10. O-O Ne4 11. Re1 f5 12. Ne5 Bf6 13. f3 Ng5 14. c3 Ne6 15.
Bh2 g6 16. Nd2 c5 17. dxc5 Nxc5 18. Bc2 Rd8 19. Nb3 Ne6 20. Rad1 Nc6 21. Kh1 f4
22. Nd3 g5 23. Nbc5 Nxc5 24. Nxc5 d4 25. Ne4 Be7 26. Bb3+ Kg7 27. Bg1 Bf5 28.
cxd4 Bb4 29. Re2 Kg6 30. a3 Bf8 31. d5 Na5 32. Ba2 h5 33. d6 g4 34. h4 gxf3 35.
gxf3 Bg7 36. Rg2+ Kh7 37. Ng5+ Kg6 38. Ne6+ 1-0

[Event "Women's Speed Chess Q1"]
[Site "chess.com INT"]
[Date "2020.06.18"]
[Round "1"]
[White "Tania, Sachdev"]
[Black "Grigoryan, Meri"]
[Result "1-0"]
[WhiteTitle "IM"]
[BlackTitle "WFM"]
[WhiteElo "2392"]
[BlackElo "2044"]
[WhiteFideId "5007844"]
[BlackFideId "13300571"]
[EventDate "2020.06.18"]

1. d4 d5 2. c4 e5 3. dxe5 d4 4. Nf3 Nc6 5. a3 a5 6. g3 Nge7 7. Bg2 Ng6 8. O-O
Ngxe5 9. Nxe5 Nxe5 10. Bf4 Ng6 11. Qd2 Nxf4 12. Qxf4 Qd6 13. Qg5 h6 14. Qb5+ Qd7
15. Qe5+ Kd8 16. Rd1 c5 17. e3 f6 18. Qe4 f5 19. Qe5 Bd6 20. Qd5 Qe6 21. Qxe6
Bxe6 22. exd4 cxd4 23. Rxd4 Ke7 24. Nc3 Be5 25. Nd5+ Kf7 26. Rd2 Rac8 27. Re1
Bb8 28. Rde2 Rhe8 29. Nb6 Rc7 30. Rxe6 Rxe6 31. Bd5 Re7 32. Na4 Kf6 33. Rxe6+
Rxe6 34. Bxe6 Kxe6 35. Nc5+ Ke5 36. Nxb7 Bc7 37. b4 Kd4 38. bxa5 Kxc4 39. a6 Bb6
40. Nd6+ 1-0

[Event "Women's Speed Chess Q1"]
[Site "chess.com INT"]
[Date "2020.06.18"]
[Round "1"]
[White "Vaishali, R"]
[Black "Vakhania, Aleksandra"]
[Result "1-0"]
[WhiteTitle "WGM"]
[BlackTitle "WIM"]
[WhiteElo "2393"]
[BlackElo "2138"]
[WhiteFideId "5091756"]
[BlackFideId "13602560"]
[EventDate "2020.06.18"]

1. e4 c6 2. d4 d5 3. Nd2 g6 4. Ngf3 Bg7 5. e5 h5 6. Bd3 Nh6 7. O-O c5 8. dxc5
Bf5 9. Re1 e6 10. Nb3 Nd7 11. Bxh6 Bxh6 12. Bxf5 gxf5 13. Qd3 Qc7 14. c4 dxc4
15. Qxc4 O-O-O 16. Re2 Rhg8 17. Rc2 Rg4 18. Qb5 a6 19. Qa5 Qc6 20. Nbd4 Qd5 21.
Re1 Nb8 22. b4 Nc6 23. Nxc6 Qxc6 24. Qa3 h4 25. h3 Re4 26. Rb1 Rg8 27. Kh1 Qb5
28. Qb3 Re2 29. a4 Rxc2 30. axb5 Rxf2 31. Rg1 1-0

[Event "Women's Speed Chess Q1"]
[Site "chess.com INT"]
[Date "2020.06.18"]
[Round "1"]
[White "Xu, Yuanyuan"]
[Black "Injac, Teodora"]
[Result "1/2-1/2"]
[WhiteTitle "WGM"]
[BlackTitle "WIM"]
[WhiteElo "2317"]
[BlackElo "2286"]
[WhiteFideId "8601089"]
[BlackFideId "932400"]
[EventDate "2020.06.18"]

1. d4 Nf6 2. c4 g6 3. Nc3 Bg7 4. e4 d6 5. h3 O-O 6. Be3 c5 7. d5 e6 8. Bd3 exd5
9. exd5 Na6 10. a3 Re8 11. Nf3 Nc7 12. O-O a6 13. a4 Rb8 14. Qd2 b5 15. axb5
axb5 16. Nxb5 Nxb5 17. cxb5 Nxd5 18. Bg5 Qb6 19. Bxg6 hxg6 20. Qxd5 Be6 21. Qd2
d5 22. Bh6 Qxb5 23. Bxg7 Kxg7 24. Ra5 Qxb2 25. Rxc5 Qxd2 26. Nxd2 Rb2 27. Nf3
Ra8 28. Nd4 Kf6 29. Nxe6 fxe6 30. g3 Raa2 31. Kg2 g5 32. Kf3 Kf5 33. Rc8 Rb3+
34. Kg2 Rbb2 35. Rf8+ Ke5 36. Re1+ Kd6 37. Rf6 Kd7 38. Rexe6 Rxf2+ 39. Rxf2
Rxf2+ 40. Kxf2 Kxe6 41. Ke3 Ke5 42. Kd3 Kf5 43. Kd4 Ke6 44. h4 gxh4 45. gxh4 Kf5
46. Kxd5 Kg4 47. h5 Kxh5 1/2-1/2

[Event "Women's Speed Chess Q1"]
[Site "chess.com INT"]
[Date "2020.06.18"]
[Round "1"]
[White "Kirchei, Viktoriia"]
[Black "Cramling, Pia"]
[Result "1-0"]
[WhiteTitle "WFM"]
[BlackTitle "GM"]
[WhiteElo "2207"]
[BlackElo "2464"]
[WhiteFideId "34133396"]
[BlackFideId "1700030"]
[EventDate "2020.06.18"]

1. e4 c5 2. Nf3 e6 3. d4 cxd4 4. Nxd4 a6 5. Be3 Nf6 6. f3 Qc7 7. Be2 d5 8. Nd2
Bd6 9. g3 h5 10. exd5 Nxd5 11. Nc4 Nxe3 12. Nxe3 h4 13. Nc4 Be7 14. Kf2 O-O 15.
c3 b5 16. Ne3 Bb7 17. Qc2 Nc6 18. Nxc6 Bxc6 19. Rad1 Bc5 20. Rde1 Bxe3+ 21. Kxe3
Qb6+ 22. Kd2 Rad8+ 23. Kc1 Qe3+ 24. Kb1 Rd2 25. Qc1 Rfd8 26. Bxb5 Qb6 27. Bxc6
Qxc6 28. Rd1 R2d3 29. Rhf1 Qd5 30. Rxd3 Qxd3+ 31. Ka1 h3 32. g4 Qe2 33. Rh1 Qxf3
34. g5 Rd3 35. Rf1 Qd5 36. c4 Qd4 37. c5 Qd7 38. c6 Qc7 39. Qc4 Rd2 40. g6 Rxh2
41. gxf7+ 1-0

[Event "Women's Speed Chess Q1"]
[Site "chess.com INT"]
[Date "2020.06.18"]
[Round "1"]
[White "Jakubowska, Anna"]
[Black "Harika, Dronavalli"]
[Result "0-1"]
[WhiteTitle "WIM"]
[BlackTitle "GM"]
[WhiteElo "2073"]
[BlackElo "2515"]
[WhiteFideId "1121952"]
[BlackFideId "5015197"]
[EventDate "2020.06.18"]

1. e4 c5 2. Nc3 Nc6 3. g3 g6 4. Bg2 Bg7 5. d3 d6 6. Be3 e5 7. Qd2 Nge7 8. Bh6
Bxh6 9. Qxh6 Nd4 10. Qd2 Be6 11. Nd5 Nxd5 12. exd5 Bd7 13. c3 Nf5 14. Ne2 h5 15.
O-O O-O 16. Rfe1 Qf6 17. Rad1 Rfe8 18. h3 b6 19. Kh2 Re7 20. Ng1 Rae8 21. Nf3
Qg7 22. Ng5 Nh6 23. Ne4 Nf5 24. Qg5 Kh8 25. Kg1 Rf8 26. g4 f6 27. Qd2 Nh4 28. f3
f5 29. Nxd6 fxg4 30. fxg4 hxg4 31. hxg4 Bxg4 32. Rc1 Bf3 33. Bf1 Bxd5 34. Be2
Re6 35. Qg5 Rf4 36. Ne4 Bxe4 37. dxe4 Qe7 38. Qh6+ Qh7 39. Qxh7+ Kxh7 40. Rcd1
Re7 41. Rf1 Rxe4 42. Bd3 Rg4+ 43. Kh2 Kh6 44. Rf6 Kg5 45. Rdf1 Rh7 46. Rf7 Rh6
47. Be2 Nf3# 0-1

[Event "Women's Speed Chess Q1"]
[Site "chess.com INT"]
[Date "2020.06.18"]
[Round "1"]
[White "Sargsyan, Anna M."]
[Black "Artemyeva, Olga"]
[Result "0-1"]
[WhiteTitle "WGM"]
[BlackTitle "WFM"]
[WhiteElo "2405"]
[BlackElo "2069"]
[WhiteFideId "13308130"]
[BlackFideId "4138422"]
[EventDate "2020.06.18"]

1. d4 d5 2. c4 c6 3. cxd5 cxd5 4. Bf4 Nc6 5. e3 Nf6 6. Nc3 a6 7. Bd3 e6 8. Rc1
Be7 9. Nf3 O-O 10. O-O Bd7 11. h3 b5 12. Bb1 Rc8 13. a3 b4 14. axb4 Nxb4 15. Ne5
Be8 16. Qe2 a5 17. Bg5 h6 18. Bh4 Nd7 19. Bg3 Nxe5 20. dxe5 Rc5 21. Rfd1 Qc8 22.
e4 Bb5 23. Qe3 Bc4 24. exd5 exd5 25. Qf4 Bg5 26. Qd4 Bxc1 27. Rxc1 Rc6 28. Re1
Re8 29. Kh2 Bb3 30. Re2 Rc4 31. Qb6 d4 32. Nb5 d3 33. Rd2 Qc5 34. Qb7 Bc2 35.
Nd6 Rf8 36. Nxc4 Qxc4 37. e6 Bxb1 38. e7 Re8 39. Bd6 Qc6 0-1

[Event "Women's Speed Chess Q1"]
[Site "chess.com INT"]
[Date "2020.06.18"]
[Round "1"]
[White "Mkrtchian, Lilit"]
[Black "Kairbekova, Amina"]
[Result "1/2-1/2"]
[WhiteTitle "IM"]
[BlackTitle "WFM"]
[WhiteElo "2388"]
[BlackElo "2065"]
[WhiteFideId "13300601"]
[BlackFideId "13712799"]
[EventDate "2020.06.18"]

1. d4 Nf6 2. c4 e6 3. Nf3 d5 4. Nc3 dxc4 5. e3 a6 6. a4 b6 7. Bxc4 Bb7 8. O-O
Bb4 9. Qe2 O-O 10. Rd1 Nbd7 11. Bd3 Qe7 12. e4 e5 13. d5 Nc5 14. Bc2 a5 15. Bg5
h6 16. Bh4 Ba6 17. Qe3 Ncd7 18. Rac1 Rac8 19. Bd3 Bxd3 20. Qxd3 Nc5 21. Qc2 Bxc3
22. bxc3 g5 23. Bg3 Nfxe4 24. Re1 f5 25. Nxe5 f4 26. Ng6 Qf6 27. Nxf8 fxg3 28.
hxg3 Rxf8 29. Rxe4 Nxe4 30. Qxe4 Qxf2+ 31. Kh2 Qf7 32. Rf1 Qh5+ 33. Kg1 Rxf1+
34. Kxf1 Qd1+ 35. Kf2 Qd2+ 36. Kg1 Qd1+ 37. Kh2 Qh5+ 38. Kg1 Qd1+ 39. Kf2 Qd2+
40. Kg1 Qd1+ 1/2-1/2

[Event "Women's Speed Chess Q1"]
[Site "chess.com INT"]
[Date "2020.06.18"]
[Round "1"]
[White "Toncheva, Nadya"]
[Black "Voit, Daria"]
[Result "0-1"]
[WhiteTitle "WFM"]
[BlackTitle "WGM"]
[WhiteElo "2064"]
[BlackElo "2343"]
[WhiteFideId "2924056"]
[BlackFideId "4182146"]
[EventDate "2020.06.18"]

1. e4 e6 2. d4 d5 3. Nd2 Nf6 4. e5 Nfd7 5. Ngf3 c5 6. c3 Nc6 7. Bd3 Be7 8. O-O
g5 9. h3 h5 10. Bb5 g4 11. Nh2 cxd4 12. Bxc6 bxc6 13. cxd4 Qb6 14. Nb3 gxh3 15.
gxh3 a5 16. a4 Rb8 17. Nc5 Nxc5 18. dxc5 Bxc5 19. Kh1 Ba6 20. Rg1 Bxf2 21. Rg7
Qd4 22. Qf3 Rb7 23. Bg5 Qe4 24. Bf6 Bd3 25. Rd1 Qxf3+ 26. Nxf3 Be2 27. Rd2 Bxf3+
28. Kh2 Be3 29. Rd3 Bf4+ 30. Kg1 Be4 31. Rc3 c5 32. b3 c4 33. bxc4 Rb1+ 34. Kf2
Rb2+ 35. Kg1 d4 36. Ra3 Be3+ 37. Kf1 Bf3 38. Ra1 Rh2 39. Rg1 Bxg1 40. Bxh8 Be3
41. Bf6 0-1

[Event "Women's Speed Chess Q1"]
[Site "chess.com INT"]
[Date "2020.06.18"]
[Round "1"]
[White "Solozhenkina, Elizaveta"]
[Black "Franco Valencia, Angela"]
[Result "0-1"]
[WhiteTitle "WIM"]
[BlackTitle "WIM"]
[WhiteElo "2301"]
[BlackElo "2089"]
[WhiteFideId "34106615"]
[BlackFideId "4403070"]
[EventDate "2020.06.18"]

1. e4 e5 2. Nf3 Nc6 3. Bc4 Bc5 4. O-O d6 5. h3 Nf6 6. Re1 a6 7. a4 O-O 8. c3 Ba7
9. d3 h6 10. Nbd2 Ne7 11. Nf1 Ng6 12. Ng3 c6 13. d4 Qc7 14. Qc2 Re8 15. dxe5
dxe5 16. Nf5 Be6 17. Bxe6 fxe6 18. Ne3 Nh5 19. g3 Qf7 20. Nh2 Rad8 21. b3 Ngf4
22. gxf4 Nxf4 23. Neg4 Nxh3+ 24. Kg2 Nf4+ 25. Bxf4 exf4 26. Qe2 e5 27. Nf1 Qg6
28. Kh1 f3 29. Qxf3 Rf8 30. Qh3 Qg5 31. Ng3 Rf4 32. Nh2 Bxf2 33. Red1 Rxd1+ 34.
Rxd1 Bxg3 35. Rg1 Qg6 36. Qxg3 Qxe4+ 37. Qg2 Qh7 38. Rf1 Qd3 39. Rxf4 exf4 40.
Qf3 Qb1+ 41. Kg2 Qxb3 42. Ng4 Qc2+ 43. Kh3 Qc1 44. Qe4 Qf1+ 45. Kh2 f3 0-1

[Event "Women's Speed Chess Q1"]
[Site "chess.com INT"]
[Date "2020.06.18"]
[Round "1"]
[White "Ouellet, Maili-Jade"]
[Black "Khotenashvili, Bela"]
[Result "1-0"]
[WhiteTitle "WGM"]
[BlackTitle "GM"]
[WhiteElo "2257"]
[BlackElo "2458"]
[WhiteFideId "2620472"]
[BlackFideId "13602640"]
[EventDate "2020.06.18"]

1. d4 Nf6 2. c4 g6 3. Nc3 d5 4. cxd5 Nxd5 5. e4 Nxc3 6. bxc3 Bg7 7. Nf3 c5 8.
Rb1 O-O 9. Be2 Qc7 10. O-O b6 11. Bg5 Rd8 12. Qd2 Nc6 13. d5 Na5 14. Qe3 f6 15.
Bf4 Qd7 16. Bb5 Qb7 17. Nd2 Bd7 18. Bd3 e5 19. Bg3 Qc7 20. f4 c4 21. Bc2 Rac8
22. a4 Nb7 23. fxe5 fxe5 24. Bh4 Rf8 25. Be7 Rxf1+ 26. Rxf1 Bf8 27. Bxf8 Rxf8
28. Rxf8+ Kxf8 29. Qf3+ Kg7 30. h3 Nd6 31. Kh2 Nf7 32. Qe2 Nd6 33. Qf1 a6 34. g4
b5 35. axb5 axb5 36. g5 Ne8 37. Nf3 Qd6 38. Qf2 Nc7 39. Qg3 Na6 40. Qxe5+ Qxe5+
41. Nxe5 Be8 42. Kg3 Nc5 43. Kf4 Kf8 44. Ke3 Ke7 45. Kd4 Nb7 46. Ng4 Bd7 47. Nf6
Bxh3 48. Nxh7 Bf1 49. e5 Be2 50. Bxg6 Nd8 51. Bf5 Kf7 52. g6+ Kg7 53. Ng5 Bf1
54. e6 Kf6 55. g7 Kxg7 56. e7 1-0

[Event "Women's Speed Chess Q1"]
[Site "chess.com INT"]
[Date "2020.06.18"]
[Round "1"]
[White "Demchenko, Svitlana"]
[Black "Allahverdiyeva, Ayan"]
[Result "1-0"]
[WhiteTitle "WIM"]
[BlackTitle "WFM"]
[WhiteElo "2071"]
[BlackElo "2088"]
[WhiteFideId "14149893"]
[BlackFideId "13412590"]
[EventDate "2020.06.18"]

1. e4 c5 2. Nf3 e6 3. d4 cxd4 4. Nxd4 Nf6 5. Bd3 Nc6 6. Nb3 d5 7. exd5 Nxd5 8.
O-O Be7 9. a3 O-O 10. c4 Nf6 11. Qc2 Ne5 12. Be2 Ng6 13. Rd1 Qc7 14. Nc3 a6 15.
Be3 e5 16. Bg5 Nf4 17. Bxf4 exf4 18. Rac1 Bd6 19. Bf3 Be6 20. Ne4 Nxe4 21. Qxe4
Rab8 22. Nd4 Rfe8 23. Nxe6 Rxe6 24. Qd3 g6 25. c5 Be5 26. b4 Ree8 27. h3 Rbd8
28. Bd5 Qd7 29. Qf3 Qa4 30. Bxb7 Bb2 31. Bc6 Bxc1 32. Bxa4 Rxd1+ 33. Bxd1 Re1+
34. Kh2 Bd2 35. Bb3 Re7 36. c6 a5 37. b5 a4 38. Bc4 Ba5 39. Qd3 Bb6 40. g3 Kg7
41. Qc3+ f6 42. gxf4 Bxf2 43. Kg2 Bb6 44. Bd5 Re3 45. Qc1 Rd3 46. Be4 Rd4 47. c7
Rxe4 48. c8=Q Kh6 49. Qg4 f5 50. Qg5+ Kg7 51. Qc3+ 1-0

[Event "Women's Speed Chess Q1"]
[Site "chess.com INT"]
[Date "2020.06.18"]
[Round "1"]
[White "Huda, Maryana"]
[Black "Padmini, Rout"]
[Result "0-1"]
[WhiteTitle "WGM"]
[BlackTitle "IM"]
[WhiteElo "2128"]
[BlackElo "2370"]
[WhiteFideId "14116553"]
[BlackFideId "5029295"]
[EventDate "2020.06.18"]

1. e4 e5 2. Nf3 Nc6 3. d4 exd4 4. Nxd4 Qf6 5. Nxc6 Bc5 6. Qf3 dxc6 7. Nc3 Qxf3
8. gxf3 Be6 9. Be3 Bxe3 10. fxe3 O-O-O 11. Rg1 g6 12. Bd3 Ne7 13. O-O-O c5 14.
Be2 a6 15. a4 f5 16. e5 c6 17. a5 Nd5 18. Nxd5 cxd5 19. h4 f4 20. Kd2 fxe3+ 21.
Kxe3 d4+ 22. Kf2 Rhf8 23. h5 gxh5 24. Rg5 Bf5 25. Bd3 Bg4 26. Be4 Rd7 27. Kg3
Be6 28. Rh1 h6 29. Rgxh5 Rg7+ 30. Kf2 Rfg8 31. R1h2 Rg1 32. Rxh6 Bc4 33. Bd3
Bxd3 34. cxd3 Rb1 35. Rh8 Rxb2+ 36. Kf1 Rxh8 37. Rxh8+ Kd7 38. f4 Ke6 39. Rf8 c4
40. dxc4 Rc2 41. Rf6+ Ke7 42. Rb6 Rxc4 43. Rxb7+ Ke6 44. Rb6+ Kf5 45. Rf6+ Ke4
46. Ke2 Rc2+ 47. Kd1 Rh2 48. e6 Kd3 49. Ke1 Ke3 50. Kd1 d3 51. Kc1 d2+ 52. Kd1
Rh1+ 53. Kc2 d1=Q+ 0-1

[Event "Women's Speed Chess Q1"]
[Site "chess.com INT"]
[Date "2020.06.18"]
[Round "1"]
[White "Divya, Deshmukh"]
[Black "Morales Flores, Monserrat"]
[Result "1-0"]
[WhiteTitle "WIM"]
[BlackTitle "WCM"]
[WhiteElo "2305"]
[BlackElo "1974"]
[WhiteFideId "35006916"]
[BlackFideId "3412016"]
[EventDate "2020.06.18"]

1. e4 c5 2. Nf3 e6 3. d4 cxd4 4. Nxd4 a6 5. Bd3 Bc5 6. Nb3 Ba7 7. Qg4 Nf6 8. Qe2
d6 9. Nc3 Nc6 10. Be3 b5 11. a3 O-O 12. O-O Ne5 13. Bxa7 Rxa7 14. f4 Nxd3 15.
Qxd3 Rd7 16. Rad1 Bb7 17. Kh1 Qb6 18. Rd2 Rfd8 19. Rfd1 Ng4 20. Qf3 f5 21. Nd4
Kf7 22. Qe2 Re8 23. Re1 Rde7 24. Nf3 h6 25. h3 Nf6 26. e5 Nh5 27. Kh2 Nxf4 28.
Qd1 d5 29. Nd4 Qc7 30. g3 Ng6 31. Qh5 Rc8 32. Rf2 Qc5 33. Nce2 a5 34. c3 b4 35.
Nf4 bxc3 36. Qxg6+ Kg8 37. bxc3 Qxc3 38. Rd1 Qe3 39. Rfd2 Rc3 40. Rg2 Rxa3 41.
Ndxe6 Qb3 42. Nd4 Qxd1 43. Nxf5 Rc7 44. Nxh6+ 1-0

[Event "Women's Speed Chess Q1"]
[Site "chess.com INT"]
[Date "2020.06.18"]
[Round "1"]
[White "Sakorenko, Adriana"]
[Black "Alinasab, Mobina"]
[Result "1-0"]
[WhiteTitle "WFM"]
[BlackTitle "WIM"]
[WhiteElo "2216"]
[BlackElo "2317"]
[WhiteFideId "34130249"]
[BlackFideId "12528897"]
[EventDate "2020.06.18"]

1. Nf3 Nf6 2. e3 e6 3. Be2 Be7 4. O-O O-O 5. c4 b6 6. Nc3 c5 7. b3 Bb7 8. Bb2 d6
9. d4 cxd4 10. Nxd4 a6 11. Bf3 Qc7 12. Bxb7 Qxb7 13. Qf3 Qxf3 14. Nxf3 Nbd7 15.
Rfd1 Rfd8 16. Nd4 Rac8 17. Rd2 Nc5 18. f3 d5 19. cxd5 Nxd5 20. Nxd5 Rxd5 21.
Rad1 Rcd8 22. Bc3 Bf6 23. Ne2 Rxd2 24. Rxd2 Rxd2 25. Bxd2 Nd3 26. Kf1 Kf8 27.
Ng3 Be5 28. Ke2 Bxg3 29. hxg3 Ne5 30. Bb4+ Kg8 31. Bc3 Nc6 32. Kd3 f6 33. a4 Kf7
34. Kc4 Ke7 35. a5 bxa5 36. Kc5 Kd7 37. Kb6 Nb4 38. Bxb4 axb4 39. Kxa6 Kc6 40.
Ka5 Kc5 41. g4 h6 42. Ka4 g6 43. Ka5 h5 44. gxh5 gxh5 45. g3 f5 46. f4 Kc6 47.
Kxb4 Kb6 48. Kc4 Kc6 49. Kd4 Kd6 50. b4 Kc6 51. Ke5 Kd7 52. b5 Ke7 53. b6 Kd7
54. b7 Kc7 55. Kxe6 h4 56. gxh4 1-0

[Event "Women's Speed Chess Q1"]
[Site "chess.com INT"]
[Date "2020.06.18"]
[Round "1"]
[White "Lahav, Michal"]
[Black "Papp, Petra"]
[Result "0-1"]
[WhiteTitle "WIM"]
[BlackTitle "WGM"]
[WhiteElo "2219"]
[BlackElo "2338"]
[WhiteFideId "2813742"]
[BlackFideId "739049"]
[EventDate "2020.06.18"]

1. e4 c6 2. Nc3 d5 3. Nf3 dxe4 4. Nxe4 Nf6 5. Ng3 g6 6. d4 Bg7 7. Bd3 O-O 8. O-O
b6 9. c3 Bb7 10. Bg5 Nbd7 11. Re1 c5 12. Bc2 h6 13. Bf4 cxd4 14. Nxd4 Re8 15.
Nb5 Nd5 16. Bc1 a6 17. Nd4 e5 18. Nf3 Rc8 19. Ne4 Nc5 20. Nxc5 Rxc5 21. Bb3 Rc8
22. Qe2 Qd7 23. Bd2 Nf4 24. Bxf4 exf4 25. Qc2 Bxf3 26. gxf3 Rc5 27. Kh1 Kh7 28.
Rg1 Rce5 29. Rad1 Qe7 30. Qd2 Qf6 31. Qd7 R8e7 32. Qd3 b5 33. Rg4 Re1+ 34. Rg1
R1e2 35. Rd2 Rxd2 36. Qxd2 Qh4 37. Qd3 Qxf2 38. Bxf7 Rxf7 39. Qxg6+ Kg8 40. Qg4
Qe3 41. Qc8+ Kh7 42. Qg4 Qe5 43. Qg6+ Kg8 44. Qxa6 Qd5 45. Qc8+ Kh7 46. Qg4 Re7
47. Qg6+ Kg8 48. Rf1 Qe5 49. Qb6 Qe3 0-1

[Event "Women's Speed Chess Q1"]
[Site "chess.com INT"]
[Date "2020.06.18"]
[Round "1"]
[White "Salimova, Nurgyul"]
[Black "Bommini, Mounika Akshaya"]
[Result "1-0"]
[WhiteTitle "IM"]
[BlackTitle "WFM"]
[WhiteElo "2372"]
[BlackElo "2029"]
[WhiteFideId "2915138"]
[BlackFideId "25019872"]
[EventDate "2020.06.18"]

1. d4 d5 2. c4 c6 3. Nc3 Nf6 4. Nf3 dxc4 5. e4 b5 6. e5 Nd5 7. a4 Nxc3 8. bxc3
e6 9. Ng5 Be7 10. h4 a6 11. axb5 cxb5 12. Nxf7 Kxf7 13. Qf3+ Ke8 14. Qxa8 Bd7
15. Qf3 Bc6 16. Qh5+ g6 17. Qg4 Bd5 18. h5 g5 19. h6 a5 20. Be2 b4 21. Qh5+ Kd7
22. Bf3 bxc3 23. Bxd5 exd5 24. O-O Nc6 25. Qf3 Kc8 26. Qxc3 Bb4 27. Qe3 Rg8 28.
Bd2 Be7 29. Rfb1 Rg6 30. Rb5 Rxh6 31. Bxa5 Qd7 32. Rab1 Qg4 33. Rb7 Bd8 34. Bxd8
Kxd8 35. R7b6 Qh5 36. Qh3 Qg6 37. Qf3 g4 38. Qxd5+ Ke8 39. Qxc4 Qh5 40. Rb8+ Ke7
41. R1b7# 1-0

[Event "Women's Speed Chess Q1"]
[Site "chess.com INT"]
[Date "2020.06.18"]
[Round "1"]
[White "Selkirk, Rebecca"]
[Black "Dauletova, Gulmira"]
[Result "0-1"]
[WhiteTitle "WCM"]
[BlackTitle "WIM"]
[WhiteElo "1799"]
[BlackElo "2319"]
[WhiteFideId "14306514"]
[BlackFideId "13702971"]
[EventDate "2020.06.18"]

1. e4 e5 2. Nf3 Nc6 3. Bb5 a6 4. Ba4 Nf6 5. Qe2 Bc5 6. c3 O-O 7. O-O b5 8. Bc2
d6 9. d3 Re8 10. Bg5 h6 11. Be3 Bb7 12. Nbd2 Ba7 13. b4 d5 14. a4 d4 15. cxd4
exd4 16. Bf4 Nxb4 17. Bb3 c5 18. Ne5 Re7 19. Qf3 Nxd3 20. Nxd3 c4 21. Bxh6 Nxe4
22. Nxc4 bxc4 23. Qg4 g6 24. Bxc4 Bd5 25. Bxd5 Qxd5 26. Nf4 Qf5 27. Qxf5 gxf5
28. Nd3 Nc3 29. Bf4 Ne2+ 30. Kh1 Rc8 31. g3 Rc3 32. Nb4 Nxf4 33. gxf4 d3 34. Nd5
Rec7 35. Nxc3 Rxc3 36. Rfd1 Bxf2 37. Kg2 Bd4 38. Kf3 d2+ 39. Ke2 Rc2 40. Rxd2
Rxd2+ 41. Kxd2 Bxa1 42. Kd3 Bb2 43. Kc4 Bc1 44. Kc5 Bxf4 45. Kb6 Bxh2 46. Kxa6
Bg1 47. Kb7 f4 48. a5 f3 49. a6 Be3 50. a7 Bxa7 51. Kxa7 f2 52. Kb7 f1=Q 53. Kc7
Qc4+ 54. Kd6 Qd4+ 55. Kc7 f5 0-1

[Event "Women's Speed Chess Q1"]
[Site "chess.com INT"]
[Date "2020.06.18"]
[Round "1"]
[White "Mamedjarova, Turkan"]
[Black "Kashlinskaya, Alina"]
[Result "1/2-1/2"]
[WhiteTitle "WGM"]
[BlackTitle "IM"]
[WhiteElo "2309"]
[BlackElo "2494"]
[WhiteFideId "13402005"]
[BlackFideId "4198026"]
[EventDate "2020.06.18"]

1. d4 Nf6 2. c4 g6 3. Nf3 Bg7 4. Nc3 O-O 5. e4 d6 6. Be2 e5 7. d5 a5 8. a3 Na6
9. h3 Nc5 10. Qc2 a4 11. Be3 Qe8 12. g4 Bd7 13. Bxc5 dxc5 14. Qd2 Qe7 15. O-O-O
Ne8 16. h4 Bxg4 17. Rdg1 h5 18. Ng5 Bxe2 19. Qxe2 Nd6 20. Kb1 Rfb8 21. Rg2 b5
22. cxb5 Ra5 23. Rc1 Nxb5 24. Nxb5 Raxb5 25. Rc2 Qf6 26. Qc4 Qf4 27. Rg3 Rxb2+
28. Rxb2 Rxb2+ 29. Kxb2 Qxf2+ 30. Qc2 Qxg3 31. Qxa4 Qf2+ 32. Kb1 Bh6 33. Qe8+
Kg7 34. Qxe5+ Kg8 35. Qe8+ Kg7 36. Qe5+ Kg8 37. Qe8+ Bf8 38. a4 c4 39. Qc6 Qe1+
40. Kc2 Qe2+ 41. Kb1 Qd1+ 42. Kb2 Qb3+ 43. Kc1 Ba3+ 44. Kd2 c3+ 45. Ke2 Qc2+ 46.
Kf3 Qd1+ 47. Kg2 Qd2+ 48. Kf1 Qf4+ 49. Ke2 Bb4 50. Kd3 Qf1+ 51. Kc2 Qe2+ 52. Kb3
Qb2+ 53. Kc4 Bf8 54. Qd7 Qe2+ 55. Kxc3 Qe3+ 56. Kc2 Qe2+ 57. Kb3 Qd3+ 58. Kb2
Bg7+ 59. Kc1 Qc3+ 60. Kd1 Qd3+ 61. Kc1 Qc3+ 62. Kd1 Qd3+ 63. Kc1 1/2-1/2

[Event "Women's Speed Chess Q1"]
[Site "chess.com INT"]
[Date "2020.06.18"]
[Round "1"]
[White "Munkhzul, Turmunkh"]
[Black "Zhuravleva, Olga"]
[Result "1-0"]
[WhiteTitle "WIM"]
[BlackTitle "WIM"]
[WhiteElo "2278"]
[BlackElo "2278"]
[WhiteFideId "4901878"]
[BlackFideId "4145933"]
[EventDate "2020.06.18"]

1. e4 e5 2. Nf3 Nc6 3. Bb5 f5 4. d3 Nf6 5. O-O Bc5 6. Nc3 O-O 7. Bc4+ Kh8 8. Bg5
d6 9. Nd5 f4 10. Nh4 Nd4 11. Nxf6 gxf6 12. Bh6 Rg8 13. Bxg8 Qxg8 14. Kh1 Bg4 15.
f3 Be6 16. c3 Nc6 17. d4 exd4 18. Bxf4 dxc3 19. bxc3 Qf7 20. Bg3 Rg8 21. Qd2 Qh5
22. Bf2 Bb6 23. Bxb6 axb6 24. Nf5 Ne5 25. Qf2 Bxf5 26. exf5 Qxf5 27. Rad1 Rg6
28. Rd4 Rh6 29. Rh4 Nd3 30. Qg3 Rxh4 31. Qxh4 Nf4 32. Re1 Nd5 33. Re8+ Kg7 34.
Qg3+ Qg6 35. Qxg6+ hxg6 36. Rb8 Kf7 37. Rxb7 Ke6 38. c4 Nb4 39. Rxc7 Nxa2 40.
Rb7 Nc3 41. Rxb6 Ke5 42. Kg1 Na4 43. Rc6 Nc3 44. Kf2 d5 45. cxd5 Nxd5 46. Rc5
Kd6 47. Ra5 Ne7 48. Ra6+ Ke5 49. Ke3 Nd5+ 50. Kf2 Nc3 51. Ra5+ Ke6 52. h4 Nd5
53. g4 Nf4 54. Kg3 Ne2+ 55. Kf2 Nd4 56. Ra6+ Kf7 57. Ke3 Ne6 58. Ra7+ Kf8 59.
Ke4 Nc5+ 60. Kd5 Nd3 61. Ke6 Ne1 62. Kxf6 Ke8 63. Kxg6 Nxf3 64. h5 Ne5+ 65. Kf5
Nd7 66. h6 1-0